hard history quiz - Statistics

General Stats
  • This quiz has been taken 105 times
  • The average score is 9 of 15
Answer Stats
Question Answer % Correct
who were the axis powers (the bad guys) in ww2 nazi germany, facsist Italy, imperial japan.
87%
in what way were teddy roosevelt and franklyn roosevelt related they were couisns
87%
who won the falklands war the british
84%
who were the central powers in ww1 German Empire, Austria-Hungary, The Ottomen Empire
81%
who fought in the 6 day war israel, the arabs.
77%
what was the second largest empire of all time the mongol empire
68%
When did napoleon seize power over the french government 1799
61%
which of these is not a country greenland
61%
who has the highest kill count Mao Zeadong
61%
When did Ireland gain independence from great britain 1916
58%
when did the usa gain independence july 4 1776
58%
who was the most successful pirate in history Ching Shih
42%
When was the war of the first coalition against france (the one where napoleon was only a general) Apr 20, 1792 – Oct 18, 1797
35%
only one of these facts is true. select the true statement. the romans had female gladiators
29%
what did hitler do when he passed high school he was so happy and rubbed the certificate against his ass.
19%
No matching quizzes found
Score Distribution
Percent of People with Each Score
Percentile by Number Answered
Your Score History
You have not taken this quiz